000 00380nam a2200181Ia 4500
008 090124s9999 xx 000 0 und d
082 _b101406
100 _aवसंत
245 _a बहर
250 _a1
260 _c1936
300 _a84
600 _aवसंत
630 _a बहर
700 _aवसंत
730 _a बहर
942 _cBOOK
999 _c147498
_d147498